Karadeniz bölgesi (Record no. 6731)

MARC details
000 -BAŞLIK
Sabit Uzunlukta Kontrol Alanı 00620na a2200217 4500
001 - KONTROL NUMARASI
Denetim Alanı 21985
003 - KONTROL NUMARASI IDENTIFIER
Denetim Alanı MIRAKIL
005 - SON İŞLEM TARİHİ VE ZAMANI
Denetim Alanı 20181213155117.0
008 - SABİT-BOY VERİ ELEMANLARI - GENEL BİLGİLER
Sabit Uzunlukta Kontrol Alanı 170209b tu 000 0
040 ## - KATALOGLAMA KAYNAK
Orijinal Kataloglama Ajansı Milas
Kataloglama Dili tur
Metne Dönüştürmek Ajansı TR-AnCHP
041 ## - DİL KODU
Metin / Ses Parça Veya Ayrı Başlığın Dil Kodu tur
082 ## - DEWEY ONLU SINIFLANDIRMA NUMARASI
Sınıflandırma Numarası 915.63
Ürün Numarası A42k 2010
090 ## - SINIFLAMA NUMARASI
Sınıflama Numarası 915.63 A42k 2010
100 ## - ANA GİRİŞ - KİŞİSEL İSİM
Kişisel Ad Akay, Cevdet
245 ## - BAŞLIK TABLOSU
Başlık Karadeniz bölgesi
Sorumluluk Tablosu, Vb Cevdet Akay
260 ## - YAYIN, DAĞITIM, VB
Yayın, Dağıtım, Vb Yeri [y. y.]
Yayıncı, Dağıtıcı, Vs Adı [yayl. y.]
Yayın, Dağıtım, Vb Tarihi 2010
300 ## - FİZİKSEL TANIM
Kapsam 3 c. <yaklaşık 200 s.>
Diğer Fiziksel Ayrıntıları tbl. ; grf.
Boyutlar 30 sm.
650 ## - KONU KATMA GİRİŞ - TOPİKAL DÖNEM
Topikal Süreli Veya Coğrafi Ad Giriş Elemanı Karadeniz Bölgesi
Genel Alt Bölümü Sosyo ekonomik yapı
650 ## - KONU KATMA GİRİŞ - TOPİKAL DÖNEM
Topikal Süreli Veya Coğrafi Ad Giriş Elemanı Karadeniz Bölgesi
Genel Alt Bölümü Sosyo kültürel yapı
942 ## - EKLENDİ GİRİŞ ELEMANLARI (KOHA)
Sınıflandırma Veya Raf Düzeni Kaynak Dewey Decimal Classification
Koha Öğesi Türü Books
999 ## - SİSTEM KONTROL NUMARALARI (KOHA)
Koha Biblionumber 6731
Koha Biblioitemnumber 6731
Holdings
Kalıcı Konum Mevcut Konum Edinme Tarihi Edinim Kaynak Seri Numaralandırma / Kronolojik Toplam Check-Out'Lar Tam Çağrı Numarası Barkod Tarih Son Görülme İtibaren Geçerli Fiyatlar Koha Öğesi Türü
CHP Kütüphanesi CHP Kütüphanesi 02/09/2017 Bağış c.2   915.63 A42k 2010 012366 02/09/2017 02/09/2017 Books